000 00689nam a22002057a 4500
005 20170223154443.0
010 _aENG-117318
020 _a9789350297858
_c599.00
035 _aEN-100850
037 _bDBAD/PUB
082 _a327.54
100 _aSchaffer,Teresita C,
245 _aIndia at the global high table :
_bthe quest for regional primacy and strategic autonomy /
_cby Teresita C. Schaffer [and] Howard B. Schaffer
260 _aNoida
_bHarperCollins Publishers
_c2016
270 _aA-75,Sector 57,Noida
_bNoida(UP)
_e201301
300 _ax,366p.
_c23cm(pbk)
500 _aIncludes index.
700 _a Schaffer,Howard B.
942 _2ddc
_cEN
_mSCH
_h327.54
999 _c137814
_d137814